| 000 | 00417 a2200145 4500 | ||
|---|---|---|---|
| 999 |
_c12118 _d12118 |
||
| 003 | OSt | ||
| 005 | 20231223172509.0 | ||
| 008 | 231223b ||||| |||| 00| 0 eng d | ||
| 020 | _a978-0727730176 | ||
| 082 |
_a624.193 _bCRI |
||
| 100 | _aCiria | ||
| 245 | _aBuilding response to tunnelling : case studies from construction of the Jubilee Line Extension, London Vol-2 | ||
| 260 |
_bICE Publishing _c2001 |
||
| 942 | _2ddc | ||